zpět

Detail výsledku týmu

Tipgames Bar, Bruntál

Datum a čas kvízu

29 Celkem bodů Celkový počet nahraných bodů na tomto kvízu bez doplňovacích otázek.
5. Pořadí na kvízu Konečné umístění týmu na tomto kvízu.

Zaznamenané odpovědi

# Otázka Odpověď Body Výsledky
1. Uveďte lidový název pěvce, jen... černohlávek 1
2. Co neobvyklého našli lékaři v... dělostřelecký granát 1
3. Jak se jmenuje festival zaměře... D) P*fest 0
4. Do aukční historie se nově zap... Rembrandt (Harmenszoon van Rijn) 0
5. V pátek byly zahájeny zimní ol... David Pastrňák; Lucie Charvátová 1
6. 29. května roku 1500 umírá pob... Bartolomeu Dias 1
7. 1. ledna 1700 jeden ruský car... Petr I. Veliký 1
8. Za kulatý letopočet budeme dne... Brouček 0
9. 16. listopadu 1900 se v Olomou... Eliška Junková 1
10. Od 15. září do 1. října 2000 s... Jan Železný; Sydney 1